Quizzes
Events
Quiz Creation
Community
Videos
Private Events
Remove Ads
Sign In
Join for FREE
Feedback
Dark Mode
Quiz Categories
Sports
Geography
Music
Movies
Television
Just For Fun
Miscellaneous
History
Literature
Language
Science
Gaming
Entertainment
Religion
Holiday
For Kids
Quiz Lab
Recent
Popular Today
Quiz Kudos Today
Editor Picks
Curator Picks
Quizzes by...
Day
Popularity
Type
Ratings
Length
Year
Community
Subscriptions
Recent Discussions
Orange Saloon
Badges
Playlists
Quests
Create
Leaderboards
Showdown
Live 5
Trivia Bingo
Activity
Puzzle Library
Sporcle Events
Private Events
Virtual Trivia
Globe League
Become a Host
Pub Owners
SporcleCon
Opinionation
Our Games
Videos
Blog
Mobile Apps
Partnerships
Remove Ads and Go Orange
Feedback
History
US Presidents
World Leaders
Politics
Nation
Discovery
War
Decade
Year
Century
Biography
Art
History
US Presidents
World Leaders
Politics
Nation
Discovery
War
Decade
Year
Century
Biography
Art
Random Quiz
Search Sporcle
×
Curator Pick
Curator Pick
History
Clickable
Select answers by clicking on text or image buttons
Select answers by clicking on text or image buttons
Clickable
Best Score? Go Orange.
Most Recent Elected Office Before Becoming President Stats
Can you pick the most recent office to which a US president had been elected BEFORE they became president?
By
BigFlax
8m
44 Questions
1,165 Plays
1,165 Plays
1,165 Plays
Comments
Comments
Give Quiz Kudos
Give Quiz Kudos
-
- Ratings
hide this ad
Forced Order
Answers have to be entered in order
Answers have to be entered in order
Replay
Link that replays current quiz
Next Quiz
Link to next quiz in quiz playlist
You Got
0%
They Got
Avg Score
63%
Avg Friend Score
Upgrade to see
Score Distribution
Jump to the score distribution portion of the page
Score
0/44
Timer
08:00
0
Plays Today
% Correct
Governor of Arkansas
87.9%
Governor of California
87.7%
Governor of Georgia
85.4%
None (military officer)
85.2%
Senator from Illinois
85.2%
Governor of Texas
84.4%
Vice President
84.1%
None (military officer)
83.3%
Vice President
82.4%
None (military officer)
82.2%
Senator from Massachusetts
80.7%
Vice President
79.5%
Vice President
76.6%
Representative from Illinois
76.1%
President
76.1%
Vice President
75.8%
Vice President
75.8%
Vice President
75.3%
Governor of New York
73.7%
Vice President
70.8%
Vice President
70%
Vice President
69.6%
% Correct
Vice President
68.7%
Vice President
68.1%
None (military officer)
66.6%
Vice President
66%
Governor of New Jersey
62.5%
Senator from Massachusetts
62%
Governor of New York
54%
Representative from Michigan
52.4%
Senator from New Hampshire
51.7%
None (appointments only)
48.5%
Governor of Ohio
48.3%
Governor of Virginia
45.9%
Governor of Ohio
45.7%
Senator from Pennsylvania
45.5%
Governor of Tennessee
42.3%
Senator from Tennessee
40.7%
Senator from Ohio
37.9%
Representative from Virginia
37.9%
None (appointments only)
36.5%
Senator from Indiana
32.8%
Representative from Ohio
28.6%
Senator from Ohio
24.7%
Quiz Playlist
Details
Report
Send in Message
Add To Playlist
Clickable:
Select answers by clicking on text or image buttons
Forced Order:
Answers have to be entered in order
Last Updated: Feb 16, 2017
Curator Pick in
US Presidents
Quiz Scoreboard
CHALLENGE
Sign Up to Join the Scoreboard
Show All
Scores
Hide
Comments
May contain spoilers
Recently Published
College Basketball Coaching Resumes
by pancakes188
Sports
9m
Billboard Blitz: Fleetwood Mac
by CooCooCachoo
Music
15s
Presidents Visiting Landmarks
by Hejman
History
7m
More to Explore
Quiz From the Vault
Featured Blog Post
Where Did the Easter Bunny Come From?
hide this ad
You Might Also Like...
Tags
Clickable Quiz
US Presidents Quiz
Becoming
before
Elected
office
prior
recent
Today's Top Quizzes in History
Browse History
hide this ad
Today's Top Quizzes in Clickable
Browse Clickable
Top Contributed Quizzes in History
1
Popular People in 1991
2
Popular People in 1981
3
Popular People in 1951
4
Popular People in 1941
5
Popular People in 1986
6
Popular People in 1976
7
Popular People in 1921
8
I Am Born On March 28th
9
5-to-1: 20th Century Images of War
10
Popular People in 1946
Explore More
Trending Topics
NBA
Crossword
Disney
Anime
Kpop
Harry Potter
Marvel
NFL
The Office
Soccer
Song
Pokémon
Country
WWE
Puzzle
hide this ad
More By:
BigFlax
Quiz
Plays
Rating
Category
Featured
Created
US Top 50 Skylines
18,902
4.41
Geography
May 5, 2014
Chicago El Stations
4,100
4.32
Miscellaneous
Sep 29, 2009
Largest 'City' Cities
4,021
3.47
Geography
Oct 1, 2009
NCAA Tournament Upsets
2,557
4.00
Sports
Sep 23, 2009
Chicago Half-Mile Streets
1,827
4.20
Geography
Oct 2, 2009
Go to Creator's Profile
Score Distribution
Quiz Creator Spotlight
BigFlax
Follow
Send a Message
Quizzes Created
-
Created Quiz Play Count
-
More By This Creator
Popular Quizzes Today
1
Find the US States - No Outlines Minefield
2
Find the Countries of Europe - No Outlines Minefield
3
The Countries of the World
4
Find the US States
5
Risky Map Clicking: Biggest States A-Z
6
US States
7
Popular People in 1961
8
Movies - When Are They Set?
More History Quizzes
Match Norway's Historical Events to their Years
Editor's Pick
Trending Quizzes
Risky Map Clicking: Least Populous States A-Z
1-10 Letter G Words
1-10 Letter F Words
Risky Map Clicking: Next State Alphabetically
Click the Washington State Counties! (Map)
Recently Updated
Leaping Animals
pecheneg
Reality TV Shows (A-Z)
bhenderson79
Rickey Henderson's Hall of Fame Teammates
pecheneg
Champions League XIs: Arsenal
pecheneg
Quick Pick: Celebrities in WWE's Hall of Fame
aduchscher
A-Z Keypad Blitz II
pecheneg
Multiple Oscar Actors
pecheneg
Mystery Phrase Blitz: Oscar 'Best Actors'
pecheneg
F. Scott Fitzgerald Novels
LTH
Pick 3 Villains
ddd62291
Trending Topics
Crossword
Harry Potter
Kpop
Disney
Marvel
Anime
NBA
WWE
Song
Soccer
Puzzle
Pokémon
The Office
NFL
Country
Your Account Isn't Verified!
In order to create a playlist on Sporcle, you need to verify the email address you used during registration. Go to your
Sporcle Settings
to finish the process.
Report this User
Report this user for behavior that violates our
Community Guidelines
.
Details:
Send Report
Go to the Sporcle.com Mobile Site →
Comments